| 000 | 00877cab a22002175a 4500 | ||
|---|---|---|---|
| 001 | L160210 | ||
| 008 | 190226e2019 xxk 000 0 eng d | ||
| 035 | _a(Sirsi) u160210 | ||
| 041 | 0 | _aeng | |
| 100 | 1 | _aYoung, Nathanael | |
| 245 | 0 | 0 |
_aHow CVAs affect landlords _h[electronic resource] |
| 490 |
_aRICS Property Journal _vJanuary/February 2019, 28-29(3) |
||
| 520 | _aExplains the Company Voluntary Arrangements (CVA) process as an insolvency procedure. Considers the position of landlords under a CVA. | ||
| 590 | _aNTK | ||
| 650 | 2 | 4 | _aCOMPULSORY VOLUNTARY ARRANGEMENTS |
| 651 | 4 |
_aUnited Kingdom _y |
|
| 690 |
_aInsolvency _96247 |
||
| 690 |
_aInvestments _96250 |
||
| 856 | 4 | 0 |
_uhttps://www.rics.org/globalassets/rics-website/media/news/journals/property/property-journal-jan-feb-19-rics.pdf _zView the item free of charge from the www.rics.org website |
| 942 | _n0 | ||
| 999 |
_c85188 _d85188 |
||